[Event "ramongarcia"]
[Site "http://www.queenalice.com/game.php?id=302797"]
[Date "2007.11.12"]
[Round "1"]
[White "Chuzete"]
[Black "tonyalme"]
[Result "1-0"]
[WhiteElo "2279"]
[BlackElo "2332"]

1. d4 Nf6 2. Bg5 e6 3. e4 h6 4. Bxf6 Qxf6 5. c3 d6 6. Bd3 Qg6 7. Qf3 e5 8. Ne2
Be7 9. Nd2 Bf6 10. dxe5 dxe5 11. O-O-O Nc6 12. Qg3 Qh5 13. f3 O-O 14. h4 Rd8 15.
Bc2 b6 16. Qh2 Qg6 17. g4 Ba6 18. g5 Be7 19. Ng3 Bc5 20. gxh6 Qxh6 21. Nf5 Qf6
22. Qg2 Ne7 23. Nxe7+ Qxe7 24. Kb1 Qf6 25. h5 Be3 26. Nf1 Bf4 27. Nh2 Rxd1+ 28.
Bxd1 Rd8 29. Ng4 Qg5 30. Bb3 Rd2 31. Qh3 c5 32. Bd5 Kf8 33. c4 f5 34. h6 fxg4
35. hxg7+ Qxg7 36. fxg4 Rxd5 37. cxd5 Bg5 38. Ka1 Bf6 39. Qf3 Bb5 40. Rg1 Qg5
41. Qa3 a6 42. Qb3 Bd8 43. d6 Kg7 44. Qd5 Qf4 45. g5 Bf1 46. Qd1 Bc4 47. d7 Qxe4
48. Qh5 Qg6 49. Qh2 Bc7 50. Rd1 Kf7 51. Qh8 Qxg5 52. Qe8+ 1-0

[Event "Dragon"]
[Site "http://www.queenalice.com/game.php?id=316282"]
[Date "2007.12.6"]
[Round "1"]
[White "tonyalme"]
[Black "Amadeus"]
[Result "0-1"]
[WhiteElo "2262"]
[BlackElo "2599"]

1. e4 e6 2. d4 d5 3. Nd2 a6 4. Ngf3 c5 5. exd5 exd5 6. dxc5 Bxc5 7. Nb3 Ba7 8.
Be2 Nf6 9. O-O O-O 10. c3 Nc6 11. Bf4 Ne4 12. Nbd4 Re8 13. Be3 Qd6 14. Qd3 Bd7
15. Rae1 Nxd4 16. Nxd4 Re7 17. Rd1 Rae8 18. Bh5 g6 19. Bf3 Bb8 20. g3 Nxg3 21.
hxg3 Rxe3 22. Qd2 R3e5 23. Kg2 h5 24. Rh1 Qf6 25. b3 Bd6 26. a4 Bc7 27. Qh6 Qe7
28. Qd2 Bb6 29. Nc2 Qf6 30. Nd4 Kg7 31. Rh2 h4 32. gxh4 Rh8 33. h5 Rg5+ 0-1

[Event "AUTO-MASTER-344"]
[Site "http://www.queenalice.com/game.php?id=319563"]
[Date "2007.12.13"]
[Round "2"]
[White "CCapivara"]
[Black "tonyalme"]
[Result "0-1"]
[WhiteElo "2027"]
[BlackElo "2323"]

1. e4 e5 2. f4 d5 3. exd5 e4 4. Bb5+ c6 5. dxc6 Nxc6 6. Nc3 Nf6 7. Nge2 Bc5 8.
d4 exd3 9. Qxd3 O-O 10. h3 Nb4 11. Qxd8 Rxd8 12. Ba4 Bf5 13. a3 Nxc2+ 14. Bxc2
Bxc2 15. Bd2 Rd7 16. Rc1 Bb3 17. Nb5 Ne4 18. Bb4 Bf2+ 19. Kf1 Be3 20. Re1 Bc4
0-1

[Event "AUTO-MASTER-344"]
[Site "http://www.queenalice.com/game.php?id=319564"]
[Date "2007.12.13"]
[Round "2"]
[White "tonyalme"]
[Black "CCapivara"]
[Result "1-0"]
[WhiteElo "2318"]
[BlackElo "2039"]

1. d4 d5 2. c4 e5 3. e3 exd4 4. exd4 Nf6 5. Nc3 Be7 6. Nf3 O-O 7. cxd5 Nxd5 8.
Bc4 Be6 9. Qb3 Bb4 10. O-O Bxc3 11. bxc3 Nc6 12. Ng5 Na5 13. Qc2 g6 14. Bd3 Qd6
15. Rb1 Rac8 16. Ne4 Qe7 17. Bh6 Rfe8 18. c4 Nb6 19. Bg5 Qf8 20. Nf6+ Kg7 21.
Qc3 Bxc4 22. d5 Bxd3 23. Nxe8+ Kg8 24. Nf6+ Kg7 25. Nd7+ 1-0

[Event "AUTO-MASTER-344"]
[Site "http://www.queenalice.com/game.php?id=319567"]
[Date "2007.12.13"]
[Round "2"]
[White "Bernobr"]
[Black "tonyalme"]
[Result "0-1"]
[WhiteElo "1918"]
[BlackElo "2326"]

1. e4 e5 2. Nc3 Nc6 3. g3 Bc5 4. Bg2 d6 5. Na4 Nf6 6. Nxc5 dxc5 7. d3 c4 8. dxc4
Qxd1+ 9. Kxd1 Bg4+ 10. Ke1 Nd4 11. Kd2 O-O-O 12. Kc3 Bd1 13. Be3 Bxc2 14. Bxd4
Bxe4 0-1

[Event "AUTO-MASTER-344"]
[Site "http://www.queenalice.com/game.php?id=319568"]
[Date "2007.12.13"]
[Round "2"]
[White "tonyalme"]
[Black "Bernobr"]
[Result "1-0"]
[WhiteElo "2303"]
[BlackElo "1833"]

1. d4 d5 2. c4 c6 3. Nc3 Nf6 4. Nf3 e6 5. Bg5 Be7 6. e3 O-O 7. Bd3 h6 8. Bh4
Nbd7 9. Qc2 dxc4 10. Bxc4 b6 11. O-O Bb7 12. Rfd1 Qc7 13. e4 c5 14. e5 Nd5 15.
Bxd5 Bxh4 16. Nb5 Qb8 17. Bxb7 Bxf2+ 18. Kxf2 Qxb7 19. Nd6 Qd5 20. Qe4 Qxe4 21.
Nxe4 cxd4 22. Rxd4 Nb8 23. Rc1 Na6 24. Ra4 Nc5 25. Nxc5 bxc5 26. Rxc5 Rfc8 27.
Rxa7 1-0

[Event "AUTO-MASTER-344"]
[Site "http://www.queenalice.com/game.php?id=319569"]
[Date "2007.12.13"]
[Round "2"]
[White "Nabor"]
[Black "tonyalme"]
[Result "0-1"]
[WhiteElo "2122"]
[BlackElo "2315"]

1. e4 e5 2. Nf3 Nc6 3. Bb5 a6 4. Bxc6 dxc6 5. O-O f6 6. Nc3 Bd6 7. d4 Ne7 8. Be3
Bg4 9. h3 Bh5 10. g4 Bf7 11. dxe5 fxe5 12. Qe2 b5 13. Rad1 Bc4 14. Qe1 Bxf1 15.
Kxf1 Ng6 16. Ng5 Qf6 0-1

[Event "AUTO-MASTER-344"]
[Site "http://www.queenalice.com/game.php?id=319570"]
[Date "2007.12.13"]
[Round "2"]
[White "tonyalme"]
[Black "Nabor"]
[Result "1-0"]
[WhiteElo "2327"]
[BlackElo "2096"]

1. d4 Nf6 2. c4 g6 3. Nc3 Bg7 4. e4 d6 5. Nf3 O-O 6. Be2 e5 7. O-O Nc6 8. d5 Ne7
9. Be3 Ne8 10. Rc1 f5 11. exf5 Nxf5 12. Bg5 Qd7 13. Bd3 Nd4 14. Nxd4 exd4 15.
Ne4 h6 16. Bd2 c5 17. Ng3 Rf6 18. b4 b6 19. Qc2 1-0

[Event "AUTO-ELITE-126"]
[Site "http://www.queenalice.com/game.php?id=330919"]
[Date "2008.1.4"]
[Round "2"]
[White "LoveChess"]
[Black "tonyalme"]
[Result "1-0"]
[WhiteElo "2530"]
[BlackElo "2266"]

1. c4 e5 2. Nc3 Nf6 3. g3 d5 4. cxd5 Nxd5 5. Bg2 Nxc3 6. bxc3 Nc6 7. d3 Be7 8.
Nf3 e4 9. dxe4 Qxd1+ 10. Kxd1 Bd7 11. Be3 O-O-O 12. Kc2 Na5 13. a4 Nc4 14. Bc1
Bc5 15. Nd4 f6 16. a5 Rhe8 17. Kb3 Ne5 18. Rf1 a6 19. Bf4 Bf8 20. h4 c5 21. Nf5
Nf7 22. g4 h5 23. f3 hxg4 24. fxg4 g5 25. hxg5 Nxg5 26. Bxg5 fxg5 27. Rad1 c4+
28. Kb2 Re5 29. Rd5 Rde8 30. Ne3 Rxd5 31. Nxd5 Be6 32. e5 Bc5 33. Nf6 Rd8 34.
Ne4 Be7 35. Bf3 Kc7 36. Nf6 Bxf6 37. exf6 1-0

[Event "AUTO-ELITE-126"]
[Site "http://www.queenalice.com/game.php?id=330920"]
[Date "2008.1.4"]
[Round "2"]
[White "tonyalme"]
[Black "LoveChess"]
[Result "0-1"]
[WhiteElo "2270"]
[BlackElo "2527"]

1. d4 Nf6 2. Nf3 g6 3. c4 Bg7 4. Nc3 O-O 5. e4 d6 6. Be2 e5 7. d5 Nbd7 8. O-O
Nc5 9. Qc2 a5 10. Nd2 Na6 11. a3 Bd7 12. b3 c6 13. Bb2 Rc8 14. dxc6 Bxc6 15.
Rfd1 Re8 16. Rab1 Nc5 17. b4 Ne6 18. Nf3 axb4 19. axb4 Qb6 20. Rxd6 Qxb4 21. Rd2
Nc5 22. Bd3 b6 23. Bc1 Qa5 24. Rd1 b5 25. cxb5 Bxe4 26. Nxe4 Ncxe4 27. Bd2 Nxd2
28. Qxd2 Qb6 29. Bc2 e4 30. Ne1 e3 31. Qd4 exf2+ 32. Qxf2 Re3 33. Rb4 Bf8 34.
Bd3 Bxb4 0-1

[Event "AUTO-ELITE-126"]
[Site "http://www.queenalice.com/game.php?id=330923"]
[Date "2008.1.4"]
[Round "2"]
[White "tonyalme"]
[Black "glmelo"]
[Result "1/2-1/2"]
[WhiteElo "2323"]
[BlackElo "2364"]

1. d4 d5 2. Bf4 c5 3. e3 Nc6 4. Nc3 cxd4 5. exd4 Bf5 6. Bd3 Bxd3 7. Qxd3 Nf6 8.
Qb5 Qd7 9. Nf3 Rc8 10. O-O-O e6 11. Ne5 Nxe5 12. dxe5 Rxc3 13. Qxd7+ Kxd7 14.
bxc3 Ne4 15. Rde1 Ba3+ 16. Kb1 Rc8 17. Bc1 Nxc3+ 18. Ka1 Bc5 19. Rhf1 Bd4 20.
Bb2 b5 21. f4 b4 22. Rf3 a5 23. Rh3 a4 24. Rf1 h6 25. Rg3 g6 26. Bxc3 Bxc3+ 27.
Kb1 Rc4 28. Rh3 h5 29. Re3 Bd4 30. Re2 Kc6 1/2-1/2

[Event "AUTO-ELITE-126"]
[Site "http://www.queenalice.com/game.php?id=330924"]
[Date "2008.1.4"]
[Round "2"]
[White "glmelo"]
[Black "tonyalme"]
[Result "1-0"]
[WhiteElo "2400"]
[BlackElo "2278"]

1. e4 e5 2. Nf3 Nc6 3. Bb5 Nf6 4. O-O Nxe4 5. d4 exd4 6. Re1 f5 7. Nxd4 Nxd4 8.
Qxd4 c6 9. f3 cxb5 10. fxe4 Qb6 11. exf5+ Kf7 12. Be3 Qxd4 13. Bxd4 b4 14. Nd2
d6 15. Re3 Bd7 16. Rae1 d5 17. Re5 b6 18. Nf3 Kg8 19. Ng5 Bc6 20. Ne6 h5 21.
R5e3 Re8 22. c3 h4 23. g4 hxg3 24. Rxg3 Rh7 25. cxb4 Bd7 26. Bc3 Bd6 27. Rg6
Bxh2+ 28. Kg2 Bxe6 29. fxe6 Bd6 30. Rd1 Be7 31. Rxd5 Bf6 32. Rd6 Bxc3 33. bxc3
Rh6 34. Rxh6 gxh6 35. Kf3 Kg7 36. Rd7+ Kf6 37. Rxa7 Rc8 38. Ke4 Kxe6 39. Ra6 h5
40. Rxb6+ Kd7 41. Rh6 Rxc3 42. Kd5 Ra3 43. Kc5 Rxa2 44. Rxh5 1-0

[Event "Bernobr"]
[Site "http://www.queenalice.com/game.php?id=338063"]
[Date "2008.1.17"]
[Round "3"]
[White "tonyalme"]
[Black "dilucia"]
[Result "0-1"]
[WhiteElo "2313"]
[BlackElo "2374"]

1. d4 d5 2. c4 c6 3. Nf3 Nf6 4. Nc3 e6 5. e3 Nbd7 6. cxd5 exd5 7. Bd3 Bd6 8. O-O
O-O 9. Qc2 Re8 10. Re1 Nf8 11. e4 dxe4 12. Nxe4 Nxe4 13. Rxe4 Rxe4 14. Bxe4 Be6
15. Ng5 h6 16. Nxe6 Nxe6 17. Be3 Qf6 18. Rd1 Nc7 19. Bh7+ Kh8 20. Bd3 Nd5 21.
Bc4 Nxe3 22. fxe3 Re8 23. e4 Qg6 24. Bd3 Bf4 25. Kh1 Qh5 26. h3 Qh4 27. Qb3 Qg3
28. Kg1 Qh2+ 29. Kf1 Bg5 30. e5 Qh1+ 31. Kf2 Bh4+ 32. Kf3 Qh2 33. Qxf7 Qg3+ 34.
Ke4 Qxg2+ 35. Qf3 Qxb2 36. Qe2 Qb4 0-1

[Event "AUTO-MASTER-365"]
[Site "http://www.queenalice.com/game.php?id=356274"]
[Date "2008.2.18"]
[Round "2"]
[White "tonyalme"]
[Black "Nelson"]
[Result "0-1"]
[WhiteElo "2289"]
[BlackElo "2324"]

1. e4 e5 2. Nf3 Nc6 3. Bb5 a6 4. Ba4 d6 5. O-O b5 6. Bb3 Nf6 7. Nc3 Be7 8. a4 b4
9. Nd5 Na5 10. Ba2 Nxd5 11. Bxd5 c6 12. Ba2 c5 13. Bd5 Bb7 14. Bxb7 Nxb7 15. c3
O-O 16. cxb4 cxb4 17. d4 Bf6 18. dxe5 dxe5 19. Bd2 Qd6 20. Rc1 Rfc8 21. Qb3 Be7
22. Qd1 Na5 23. Qe2 Rxc1 24. Rxc1 Nb3 25. Rc2 Nxd2 26. Qxd2 Qxd2 0-1

[Event "AUTO-MASTER-365"]
[Site "http://www.queenalice.com/game.php?id=356275"]
[Date "2008.2.18"]
[Round "2"]
[White "Nelson"]
[Black "tonyalme"]
[Result "1-0"]
[WhiteElo "2312"]
[BlackElo "2301"]

1. d4 Nf6 2. c4 g6 3. Nc3 Bg7 4. e4 d6 5. Nf3 O-O 6. Be2 e5 7. O-O exd4 8. Nxd4
Re8 9. f3 Nc6 10. Be3 Nxd4 11. Bxd4 Bh6 12. Nd5 Nxd5 13. cxd5 c6 14. Qb3 c5 15.
Be3 Bg7 16. Rad1 a6 17. a4 Bd7 18. Ra1 f5 19. Bd3 b5 20. axb5 axb5 21. Rxa8 Qxa8
22. Bb1 Qa4 23. Qxa4 bxa4 24. Bf4 Rb8 25. Bxd6 Bd4+ 26. Kh1 Rxb2 27. Rc1 a3 28.
h3 1-0

[Event "AUTO-MASTER-374"]
[Site "http://www.queenalice.com/game.php?id=377886"]
[Date "2008.3.27"]
[Round "2"]
[White "gipmachado"]
[Black "tonyalme"]
[Result "0-1"]
[WhiteElo "1825"]
[BlackElo "2240"]

1. e4 e5 2. Nf3 Nc6 3. Bb5 a6 4. Ba4 Nf6 5. O-O b5 6. Bb3 Bb7 7. Ng5 d5 8. exd5
Nd4 9. Re1 Bd6 10. f4 O-O 11. fxe5 Bc5 12. Kh1 Nxb3 13. axb3 Qxd5 14. Qf3 Rae8
15. Qxd5 Nxd5 16. Nf3 Nb4 17. Na3 Bxf3 18. gxf3 Bf2 19. Re2 Nxc2 20. Nxc2 Bc5
21. Rxa6 Re6 22. Ra5 c6 23. d4 Bb6 24. Ra6 Rb8 25. f4 g6 26. Rf2 Kf8 27. Be3 Ke8
28. Nb4 h6 0-1

[Event "AUTO-MASTER-374"]
[Site "http://www.queenalice.com/game.php?id=377887"]
[Date "2008.3.27"]
[Round "2"]
[White "tonyalme"]
[Black "gipmachado"]
[Result "1-0"]
[WhiteElo "2239"]
[BlackElo "1827"]

1. e4 e5 2. Nf3 Nc6 3. Bb5 a6 4. Ba4 Nf6 5. O-O Be7 6. d3 b5 7. Bb3 d6 8. c3 O-O
9. Re1 Na5 10. Bc2 c5 11. Nbd2 Bb7 12. Nf1 Nc6 13. Ng3 Qd7 14. Nf5 Bd8 15. Bg5
d5 16. Bb3 g6 17. exd5 Nxd5 18. Ne3 Nf4 19. Bxf4 exf4 20. Nd5 Na5 21. c4 Bxd5
22. cxd5 Bf6 23. Re2 Rfe8 24. Bc2 Rxe2 25. Qxe2 Bxb2 26. Rd1 Qxd5 27. Bb1 Bc3
28. Rc1 b4 29. Nd2 1-0